00313nam a2200145Ia 45000030006000000080041000060400015000471000023000622450028000852500010001132600009001233000006001325460012001380050017001500STCL150530s9999 xx 000 0 und d aSTCLcSTCL aBabsky, E.; Others aHuman Physiology vol II aFirst c1977 a0 aEnglish20220125170435.0